000 00462nam a2200097Ia 4500
008 170517s9999 xx 000 0 und d
245 4 _aThe Sacred Science
300 _aA good friend of Nick Polizzi told him he had Parkinson's disease. He started trying to find out if there are any natural means to cure Parkinson's, because you can't do it with drugs. What he found is that...
650 _xTechnology.
856 _uhttp://topdocumentaryfilms.com/sacred-science/
999 _c335118
_d335118